Statistics for Countries Scrambled Names

Click here to take the quiz!

General Stats

  • This quiz has been taken 73 times
  • The average score is 16 of 16

Answer Stats

HintLengthAnswer% Correct
AENRGNATI9Argentina
100%
EYTPG5Egypt
100%
IRNA4Iran
100%
QIAR4Iraq
100%
IALM4Mali
100%
OMGNOLAI8Mongolia
100%
PIHLIPEINSP11Philippines
100%
SITWRZEDNAL11Switzerland
100%
CMAIDOAB8Cambodia
98%
ADAMRSGACA10Madagascar
98%
DOAVOLM7Moldova
97%
UAIRSS6Russia
97%
UNGHRYA7Hungary
95%
LCHEINETSIETN13Liechtenstein
95%
MEANGRY7Germany
94%
RISELA6Israel
86%

Score Distribution

Percentile by Number Answered

Percent of People with Each Score

Your Score History

You have not taken this quiz